000 00785nam a22002417a 4500
999 _c149
_d149
003 AR-CdUCM
008 190221b ||||| |||| 00| 0 spa d
020 _a8475250424
040 _aMUNICIPALIDAD PROVINCIAL DEL CUSCO
_cBIBLIOTECA MUNICIPAL DEL CUSCO
041 _heng
082 _22ed.
_a818.4 /
_bC82
100 _aCrane, Stephen
_9708
245 _aEl rojo emblema del valor :
_bun episodio de la guerra civil Americana /
260 _aEspaña :
_bEdiciones generales Anaya,
_c1982.
300 _a223 páginas ;
_bilustraciones,
_c19 cm.
440 _aMis libros.
_9657
650 _aNovela
_95
650 _aGuerra civil española
_9709
700 _aMisiego, Micaela (traductora)
_9710
700 _aMozley, Charles (ilustración)
_9711
942 _2ddc
_cLIBROS
945 _azta